000 00641nam a2200229 a 4500
005 20210219152937.0
008 991125n 000 0 u
035 _aUPN01000068089
100 _aAdams, Don
222 _aCOMPARATIVE EDUCATION REVIEW
245 _aCommentary : analysis without theory is incomplete
300 _a381-384
362 _a34, No. 3, 1990
505 _aEnero 1991
653 0 _aEDUCACION COMPARADA
653 0 _aPAISES DESARROLLADOS
653 0 _aPLANEACION EDUCATIVA
653 0 _aRELACION TEORIA-PRACTICA
653 0 _aUTILIZACION DE LA INVESTIGACION
904 _aAC
_b005900
905 _aArticulo
999 _c64334
_d64334